[Event "October - 1800 or over"]
[Site "SchemingMind.com"]
[Date "2016.10.21"]
[Round "-"]
[White "Adrian Grajczak"]
[Black "Robert Bruce"]
[Result "0-1"]
[WhiteCountry "POL"]
[BlackCountry "SCO"]
[WhiteElo "1925"]
[WhiteRD "94"]
[BlackElo "2344"]
[BlackRD "63"]
[GameID "405444"]

1. e4 c6 2. d4 d5 3. f3 dxe4 4. fxe4 e5 5. Nf3 Bg4 6. Bc4 Nd7 7. O-O Ngf6 8. c3 Bd6 9. Bg5 O-O 10. Nbd2 h6
11. Bh4 Qc7 12. Qc2 b5 13. Bd3 Be6 14. b3 g5 15. Bg3 Nh5 16. Bxe5 Nxe5 17. Nxe5 Bxe5 18. dxe5 g4 19. Rf2 Qxe5 20. g3 Rad8
21. Kg2 Qd6 22. Bf1 f5 23. c4 f4 24. e5 Qxe5 25. Qg6+ Ng7 26. Rc1 Bf5 27. Qxh6 Rxd2 28. Rxd2 Be4+ 29. Kg1 Qc5+ 30. Rf2 fxg3
0-1

[Event "October - 1800 or over"]
[Site "SchemingMind.com"]
[Date "2016.10.26"]
[Round "-"]
[White "Robert Bruce"]
[Black "Adrian Grajczak"]
[Result "1-0"]
[WhiteCountry "SCO"]
[BlackCountry "POL"]
[WhiteElo "2344"]
[WhiteRD "63"]
[BlackElo "1925"]
[BlackRD "94"]
[GameID "405445"]

1. f4 g6 2. Nf3 Bg7 3. e3 d5 4. Be2 c5 5. d3 Nc6 6. O-O Nf6 7. a4 O-O 8. Ne5 Qc7 9. Nxc6 Qxc6 10. a5 h5
11. h3 b5 12. Qe1 Bb7 13. Nd2 Rfe8 14. Nf3 Nd7 15. f5 e5 16. Qg3 e4 17. dxe4 dxe4 18. Nh4 Be5 19. Rf4 Bxf4 20. exf4 Kh7
21. fxg6+ fxg6 22. Bxb5 Qxb5 23. Qxg6+ Kh8 24. Nf5 Re7 25. Nxe7 Qa6 26. Qxh5+ Kg7 27. Nf5+ Kf8 28. Qh8+ Kf7 29. Qg7+ Ke6 30. Qe7+ Kd5
31. Qxd7+ Kc4 32. Ra4#
1-0

[Event "October - 1800 or over"]
[Site "SchemingMind.com"]
[Date "2016.10.26"]
[Round "-"]
[White "Adrian Grajczak"]
[Black "William Lindberg"]
[Result "0-1"]
[WhiteCountry "POL"]
[BlackCountry "USA"]
[WhiteElo "1925"]
[WhiteRD "94"]
[BlackElo "2408"]
[BlackRD "71"]
[GameID "405472"]

1. e4 e6 2. d3 d5 3. Nd2 Nf6 4. Ngf3 c5 5. g3 Nc6 6. Bg2 h6 7. O-O Be7 8. c3 O-O 9. e5 Nd7 10. Re1 b6
11. h4 Bb7 12. d4 a5 13. Nf1 b5 14. Bf4 b4 15. N1h2 a4 16. Qd2 a3 17. bxa3 bxc3 18. Qxc3 Ra5 19. Qb2 Ba6 20. Ng4 Bd3
21. dxc5 Bxc5 22. Qd2 Bg6 23. Rec1 h5 24. Ne3 Qb6 25. Rab1 Bxb1 26. g4 hxg4 27. Nxg4 Rxa3 28. h5 Rxa2
0-1

[Event "October - 1800 or over"]
[Site "SchemingMind.com"]
[Date "2016.10.26"]
[Round "-"]
[White "William Lindberg"]
[Black "Adrian Grajczak"]
[Result "1-0"]
[WhiteCountry "USA"]
[BlackCountry "POL"]
[WhiteElo "2373"]
[WhiteRD "72"]
[BlackElo "1932"]
[BlackRD "98"]
[GameID "405473"]

1. c4 f5 2. d4 Nf6 3. g3 e6 4. Bg2 Be7 5. Nf3 O-O 6. O-O d5 7. Qc2 c6 8. Nc3 dxc4 9. e4 b5 10. exf5 exf5
11. Ne5 Qb6 12. Re1 Bd6 13. Bf4 Bxe5 14. dxe5 Ne8 15. Be3 Qa6 16. Bc5 Rf7 17. e6 Rf6 18. Qd1 Qa5 19. Nd5 Rxe6 20. Ne7+ Kf7
21. Qh5+
1-0

[Event "October - 1800 or over"]
[Site "SchemingMind.com"]
[Date "2016.10.26"]
[Round "-"]
[White "Robert Bruce"]
[Black "William Lindberg"]
[Result "0-1"]
[WhiteCountry "SCO"]
[BlackCountry "USA"]
[WhiteElo "2344"]
[WhiteRD "63"]
[BlackElo "2408"]
[BlackRD "71"]
[GameID "405474"]

1. Nf3 c5 2. c4 Nf6 3. Nc3 Nc6 4. d4 cxd4 5. Nxd4 e6 6. g3 Qb6 7. Ndb5 Ne5 8. Bg2 a6 9. Qa4 Rb8 10. Na3 h5
11. Nc2 Bd6 12. O-O h4 13. Bf4 hxg3 14. hxg3 Qxb2 15. c5 Qxc3 16. cxd6 b5 17. Qb3 Qc5 18. Rfc1 Nc6 19. Ne1 Qh5 20. Nf3 Bb7
21. Qb2 Na5 22. Be5 Nc4 23. Rxc4 bxc4 24. Bxf6 gxf6 25. Qxf6 Kf8 26. Rb1 c3 27. Qxc3 Rc8 28. Qf6 Be4 29. Rd1 Rh6 30. Qf4 Rc4
31. Qe3 Bc6 32. Qd3 Bb5 33. Qe3 Kg7 34. Rd4 f6 35. a3 Rxd4 36. Nxd4 Bc4 37. Bf3 Qe5 38. Qxe5 fxe5 39. Nc2 Bb5 40. Ne3 Rh8
41. Ng4 Rc8 42. Bb7 Rc1+ 43. Kg2 e4 44. Bxe4 Ra1 45. Ne5 Rxa3 46. Bd3 Rxd3 47. exd3 a5 48. Ng4 a4 49. Ne3 Bxd3 50. Nd1 a3
51. Nc3 Bc4 52. Kf3 Kf6 53. Ke4 a2 54. Nxa2 Bxa2 55. Kf3 Kf5 56. Ke3 Bd5 57. Kd4 Bb7 58. Ke3 e5 59. f3 Ke6 60. f4 Bh1
61. fxe5 Kxe5
0-1

[Event "October - 1800 or over"]
[Site "SchemingMind.com"]
[Date "2016.10.25"]
[Round "-"]
[White "William Lindberg"]
[Black "Robert Bruce"]
[Result "0-1"]
[WhiteCountry "USA"]
[BlackCountry "SCO"]
[WhiteElo "2373"]
[WhiteRD "72"]
[BlackElo "2334"]
[BlackRD "65"]
[GameID "405475"]

1. e4 c6 2. d4 d5 3. e5 Bf5 4. Be2 h6 5. Nf3 e6 6. O-O Ne7 7. Nbd2 Nd7 8. Nb3 Bg6 9. Bd2 Nf5 10. Ba5 b6
11. Bd2 a5 12. a4 Be7 13. c4 O-O 14. Rc1 dxc4 15. Bxc4 Bb4 16. Bxb4 axb4 17. Bd3 Rxa4 18. Rxc6 Ne7 19. Rc4 Bxd3 20. Qxd3 Qa8
21. Rfc1 Rd8 22. h4 Qd5 23. Qc2 b5 24. Rc7 Ra2 25. Ne1 Nf5 26. Nf3 Ne7 27. Nc5 Nxc5 28. Rxc5 Qd7 29. Qb3 Ra4 30. g3 Nd5
31. Qd3 Ra2 32. Qb3 Ra4 33. Qc3 bxc3
0-1

[Event "October - 1800 or over"]
[Site "SchemingMind.com"]
[Date "2016.10.26"]
[Round "-"]
[White "Adrian Grajczak"]
[Black "frankly"]
[Result "0-1"]
[WhiteCountry "POL"]
[BlackCountry "ENG"]
[WhiteElo "1925"]
[WhiteRD "94"]
[BlackElo "2504"]
[BlackRD "58"]
[GameID "405476"]

1. e4 e5 2. Nf3 Nc6 3. Bb5 a6 4. Ba4 Nf6 5. d3 d6 6. c3 g6 7. Nbd2 Bg7 8. Nf1 O-O 9. Ng3 b5 10. Bc2 d5
11. Qe2 Be6 12. Bg5 h6 13. Bxf6 Qxf6 14. O-O d4 15. a4 Rfd8 16. Rfb1 b4 17. Qe1 dxc3 18. bxc3 a5 19. Ne2 Bg4 20. Nd2 Bf8
21. f3 Bc5+ 22. Kh1 Be6 23. cxb4 Nxb4 24. Qc1 Be3 25. Ng3 Ra6 26. Ngf1 Bd4 27. Ra3 Rc6
0-1

[Event "October - 1800 or over"]
[Site "SchemingMind.com"]
[Date "2016.10.26"]
[Round "-"]
[White "frankly"]
[Black "Adrian Grajczak"]
[Result "1-0"]
[WhiteCountry "ENG"]
[BlackCountry "POL"]
[WhiteElo "2504"]
[WhiteRD "58"]
[BlackElo "1925"]
[BlackRD "94"]
[GameID "405477"]

1. e4 c5 2. Nf3 e6 3. Nc3 Nc6 4. d4 cxd4 5. Nxd4 Nf6 6. Ndb5 Bb4 7. a3 Bxc3+ 8. Nxc3 d5 9. exd5 exd5 10. Bd3 O-O
11. O-O Bg4 12. f3 Be6 13. Bg5 Qb6+ 14. Kh1 Nd7 15. f4 f5 16. b4 a6 17. Re1 Rae8 18. Qf3 Qd4 19. Be2 Bf7 20. Rad1 Qe3
21. Nxd5 Qxf3 22. Bxf3 Ndb8 23. Be7 Nxe7 24. Nxe7+ Kh8 25. Bxb7 Bc4 26. Nxf5
1-0

[Event "October - 1800 or over"]
[Site "SchemingMind.com"]
[Date "2016.10.25"]
[Round "-"]
[White "frankly"]
[Black "Robert Bruce"]
[Result "1-0"]
[WhiteCountry "ENG"]
[BlackCountry "SCO"]
[WhiteElo "2492"]
[WhiteRD "59"]
[BlackElo "2288"]
[BlackRD "63"]
[GameID "405478"]

1. e4 c6 2. d4 d5 3. Nc3 dxe4 4. Nxe4 Bf5 5. Ng3 Bg6 6. h4 h6 7. Nf3 Nd7 8. h5 Bh7 9. Bd3 Bxd3 10. Qxd3 e6
11. Bf4 Qa5+ 12. Bd2 Bb4 13. c3 Be7 14. c4 Qc7 15. d5 cxd5 16. cxd5 Qd6 17. Ke2 Ngf6 18. dxe6 Qxd3+ 19. Kxd3 fxe6 20. Ke2 Bd6
21. Nf1 O-O 22. Ne3 Rac8 23. Bc3 Bf4 24. Rad1 b6 25. Rh4 Bxe3 26. fxe3 Ne8 27. Rxd7 Rf7 28. Rxf7 Kxf7 29. Ne5+ Ke7 30. Ra4 Rc7
31. Rxa7 Rxa7 32. Nc6+ Kd6 33. Nxa7 e5 34. Nc8+ Kc7 35. Ne7 Kd7 36. Nd5 Kc6 37. e4 Nd6 38. Kd3 Nf7 39. Ne3 Kc7 40. Nf5 Kd7
41. Nxg7
1-0

[Event "October - 1800 or over"]
[Site "SchemingMind.com"]
[Date "2016.10.26"]
[Round "-"]
[White "Robert Bruce"]
[Black "frankly"]
[Result "1/2-1/2"]
[WhiteCountry "SCO"]
[BlackCountry "ENG"]
[WhiteElo "2334"]
[WhiteRD "65"]
[BlackElo "2509"]
[BlackRD "60"]
[GameID "405479"]

1. f4 Nf6 2. Nf3 g6 3. e3 Bg7 4. Be2 O-O 5. Nc3 d5 6. O-O c5 7. d3 d4 8. Ne4 Qb6 9. Nxf6+ exf6 10. exd4 cxd4
11. b3 Nc6 12. Nd2 Qc7 13. a4 Re8 14. Nc4 Bf8 15. Bf3 Be6 16. Qd2 Bb4 17. Qf2 Rad8 18. Bd2 Be7 19. Bc1 b6 20. Re1 Nb4
21. Qd2 Bd5 22. Ba3 Bxf3 23. Bxb4 Bxb4 24. Qxb4 Bd5 25. Qd2 Qc5 26. Kf2 Kg7 27. Rxe8 Rxe8 28. Re1 Rxe1 29. Kxe1 a6 30. Kf1 b5
31. axb5 axb5 32. Nb2 Bb7 33. h3 h6 34. Nd1 Qd5 35. b4 Bc6 36. c3 h5 37. h4 dxc3 38. Nxc3 Qd4 39. Nd1 Bd7 40. Nf2 Qa1+
41. Qe1 Qb2 42. Kg1 Qd4 43. Qd2 Be6 44. Kh2 Bd5 45. Kh3 Bc6 46. Kh2 f5 47. Nd1 Kh7 48. Qc1 Bd5 49. Qd2 Bb7 50. Nf2 Kg7
51. Nh3 Bd5 52. Nf2 Kf8 53. Nd1 Bb7 54. Nf2 Kg8 55. Nd1 Be4 56. Qc3 Qxc3 57. Nxc3 Bxd3 58. Kg3 Kf8 59. Kf2 Ke7 60. g3 Ke6
61. Ke3 Bc4 62. Kd4 Kd6 63. Nb1 f6 64. Ke3 Kc6 65. Kd4 Bd5 66. Nc3 Be6 67. Ke3 Bc4 68. Kd4 Bg8 69. Nb1=
1/2-1/2

[Event "October - 1800 or over"]
[Site "SchemingMind.com"]
[Date "2016.10.24"]
[Round "-"]
[White "frankly"]
[Black "William Lindberg"]
[Result "1/2-1/2"]
[WhiteCountry "ENG"]
[BlackCountry "USA"]
[WhiteElo "2509"]
[WhiteRD "60"]
[BlackElo "2373"]
[BlackRD "72"]
[GameID "405480"]

1. d4 Nf6 2. c4 e6 3. Nf3 Bb4+ 4. Bd2 Bxd2+ 5. Qxd2 O-O 6. Nc3 d6 7. g3 Nc6 8. Bg2 Rb8 9. O-O a6 10. Rac1 Bd7
11. e4 e5 12. d5 Ne7 13. Rfe1 Bg4 14. b4 Ra8 15. c5 a5 16. Nb5 axb4 17. cxd6 cxd6 18. Qxb4 Nc8 19. Nd2 Rxa2 20. Nc4 Ra6
21. Ra1 Rxa1 22. Rxa1 Ne8 23. Rb1 b6 24. f3 Bh5 25. Rb3 f5 26. exf5 Bf7 27. Ne3 Ne7 28. f4 Qd7 29. Rb1 Nf6 30. fxe5 dxe5
31. d6 Nxf5 32. Bh3 g6 33. Qb2 Qe6 34. Rf1 Be8 35. Bxf5 gxf5 36. Rxf5 Nd7 37. Rxf8+ Kxf8 38. Qd2 Bf7 39. Nc7 Qg6 40. Qd1 Qe4
41. Qe2 Nf6 42. Qf2 Kg7 43. Nf5+ Kf8 44. Nh4 Qd4 45. Qxd4 exd4 46. Nf3 Ne4 47. Nxd4 Nxd6 48. Nc6 Ne8 49. Nb5 Nf6 50. Ncd4 Ke7
51. Nc6+ Kd7 52. Ne5+ Ke6 53. Nxf7 Kxf7 54. Na7=
1/2-1/2

[Event "October - 1800 or over"]
[Site "SchemingMind.com"]
[Date "2016.10.24"]
[Round "-"]
[White "William Lindberg"]
[Black "frankly"]
[Result "1/2-1/2"]
[WhiteCountry "USA"]
[BlackCountry "ENG"]
[WhiteElo "2373"]
[WhiteRD "72"]
[BlackElo "2509"]
[BlackRD "60"]
[GameID "405481"]

1. e4 c5 2. Nf3 Nc6 3. Nc3 g6 4. Bb5 Bg7 5. O-O d6 6. Bxc6+ bxc6 7. Re1 e5 8. a3 Nf6 9. d3 O-O 10. h3 Qc7
11. Be3 a5 12. Na4 Nd7 13. b3 Re8 14. Nd2 Ba6 15. Rb1 Nf8 16. Nc4 Ne6 17. Bd2 Bb5 18. Nc3 Bxc4 19. dxc4 Qe7 20. a4 Reb8
21. Be3 f5 22. Qd3 f4 23. Bc1 Bf6 24. Rd1 Nd4 25. Ne2 Qf7 26. Ba3 Rd8 27. Re1 Ra7 28. Ra1 Kg7 29. Rab1 Ne6 30. Kh2 g5
31. Rbd1 h5 32. Bc1 Rad7 33. Bb2 g4 34. Bc3 Ra7 35. Rg1 Nd4 36. Bd2 Qg6 37. Nxd4 cxd4 38. g3 f3 39. h4 Rc8 40. Rh1 Rb8
41. Rhe1 Kh7 42. Bc1 Bg7 43. Kg1= Bh6 44. Ba3 Rd7 45. Bb2 Rbb7 46. Rf1 Qe6 47. Ba3 c5 48. Bc1 Bxc1 49. Rxc1 Rb4 50. Rcd1 Kg6
51. Kh2 Kg7 52. Kg1 Rd8=
1/2-1/2

[Event "October - 1800 or over"]
[Site "SchemingMind.com"]
[Date "2016.11.02"]
[Round "-"]
[White "Brennan Price"]
[Black "Adrian Grajczak"]
[Result "0-1"]
[WhiteCountry "USA"]
[BlackCountry "POL"]
[WhiteElo "2088"]
[WhiteRD "105"]
[BlackElo "1915"]
[BlackRD "89"]
[GameID "405898"]

1. e4 c5 2. d4 cxd4 3. c3 dxc3 4. Nxc3 e6 5. Nf3 a6 6. Bc4 Ne7 7. O-O Ng6 8. Be3 Nc6 9. Qd2 Be7 10. Rac1 O-O
11. Rfd1 d6 12. Na4 b5 13. Be2 Bb7 14. Nb6 Rb8 15. h3 Bf6 16. a4 bxa4 17. Nxa4 Nce5 18. Qxd6 Qxd6 19. Rxd6 Bxe4 20. Nd2 Bd5
21. f4 Nc6 22. Rcxc6 Bxc6 23. Rxc6 Bxb2
0-1

[Event "October - 1800 or over"]
[Site "SchemingMind.com"]
[Date "2016.11.02"]
[Round "-"]
[White "Adrian Grajczak"]
[Black "Brennan Price"]
[Result "0-1"]
[WhiteCountry "POL"]
[BlackCountry "USA"]
[WhiteElo "1895"]
[WhiteRD "86"]
[BlackElo "2125"]
[BlackRD "103"]
[GameID "405899"]

1. e4 c6 2. d4 d5 3. f3 g6 4. Nc3 Bg7 5. Be3 Qb6 6. Rb1 dxe4 7. fxe4 Nf6 8. Nf3 O-O 9. Bd3 Nbd7 10. Qe2 Ng4
11. Bg1 c5 12. Nd5 Qd6 13. h3 e6 14. hxg4 exd5 15. e5 Qc7 16. c3 f6 17. e6 Re8 18. Bh2 Qd8 19. O-O c4 20. Bc2 Nf8
21. Qf2 Nxe6 22. b3 b5 23. bxc4 bxc4 24. Qh4 Qa5 25. g5 Nxg5 26. Nxg5 fxg5 27. Qxg5 Qxc3 28. Qxd5+ Be6 29. Qe4 Qxd4+ 30. Qxd4 Bxd4+
31. Kh1 Bd5 32. Rbd1 Re2 33. Rxd4 Bxg2+
0-1

[Event "October - 1800 or over"]
[Site "SchemingMind.com"]
[Date "2016.11.04"]
[Round "-"]
[White "Brennan Price"]
[Black "frankly"]
[Result "0-1"]
[WhiteCountry "USA"]
[BlackCountry "ENG"]
[WhiteElo "2088"]
[WhiteRD "105"]
[BlackElo "2517"]
[BlackRD "60"]
[GameID "405900"]

1. e4 e5 2. Nf3 Nc6 3. Bb5 a6 4. Ba4 Nf6 5. O-O Be7 6. Re1 b5 7. Bb3 d6 8. c3 O-O 9. h3 Na5 10. Bc2 c5
11. d4 Qc7 12. Nbd2 cxd4 13. cxd4 Bd7 14. Nf1 Rac8 15. Ne3 Nc6 16. d5 Nb4 17. Bb1 a5 18. a3 Na6 19. b4 Qb7 20. Bd2 axb4
21. axb4 Ra8 22. Bd3 Nc7 23. Qe2 Rxa1 24. Rxa1 Ra8 25. Qd1 Rxa1 26. Qxa1 h6 27. g4 Na8 28. Qc1 Nb6 29. Qc2 Qa6 30. Nf5 Bxf5
31. gxf5 Nc4 32. Bc3 Nh5 33. Nd2 Bd8 34. Nxc4 bxc4 35. Bf1 Bb6 36. Bd2 Qa7 37. Bc1 c3 38. Qxc3 Bxf2+ 39. Kg2 Bd4 40. Qb3 Nf4+
41. Bxf4 exf4 42. Qc4 Qa1 43. b5 Bc5 44. Qe2 Qd4 45. Kf3 g5 46. fxg6 fxg6 47. Kg4 h5+ 48. Kxf4 Qc3
0-1

[Event "October - 1800 or over"]
[Site "SchemingMind.com"]
[Date "2016.11.04"]
[Round "-"]
[White "frankly"]
[Black "Brennan Price"]
[Result "1-0"]
[WhiteCountry "ENG"]
[BlackCountry "USA"]
[WhiteElo "2506"]
[WhiteRD "59"]
[BlackElo "2175"]
[BlackRD "117"]
[GameID "405901"]

1. d4 f5 2. g3 Nf6 3. Bg2 g6 4. Nf3 Bg7 5. O-O O-O 6. b3 d6 7. Bb2 c6 8. c4 a5 9. Nc3 Na6 10. d5 Qc7
11. Nd4 e5 12. dxe6 Nc5 13. Qc2 Re8 14. Ba3 Bxe6 15. Bxc5 dxc5 16. Nxe6 Rxe6 17. Rad1 Rae8 18. e3 Ng4 19. Rd3 Ne5 20. Rd2 Rd8
21. Rfd1 Red6 22. Na4 Qe7 23. Rxd6 Rxd6 24. Bf1 Nf3+ 25. Kh1 Bf6 26. Rxd6 Qxd6 27. Be2 Ng5 28. Kg2 Ne6 29. f4 Kf7 30. h3 Ng7
31. Kf3 Be7 32. Qd1 Qe6 33. Kf2 Nh5 34. Bxh5 gxh5 35. Qxh5+
1-0

[Event "October - 1800 or over"]
[Site "SchemingMind.com"]
[Date "2016.11.07"]
[Round "-"]
[White "Brennan Price"]
[Black "Robert Bruce"]
[Result "0-1"]
[WhiteCountry "USA"]
[BlackCountry "SCO"]
[WhiteElo "2175"]
[WhiteRD "117"]
[BlackElo "2355"]
[BlackRD "65"]
[GameID "405902"]

1. e4 c6 2. d4 d5 3. exd5 cxd5 4. Bd3 Nc6 5. c3 Qc7 6. Ne2 Bg4 7. f3 Bd7 8. Bf4 e5 9. dxe5 Nxe5 10. Bc2 Bd6
11. Ba4 Bc6 12. O-O Nf6 13. Na3 O-O 14. Bxc6 bxc6 15. Nd4 Rfe8 16. Nf5 Bxa3 17. bxa3 Nh5 18. Bg5 Ng6 19. Re1 h6 20. Be3 Re5
21. g4 Nhf4 22. Qd2 Rae8 23. Kh1 h5 24. Rf1 Ne6 25. f4 Re4 26. Ng3 Nexf4 27. Nxe4 Rxe4
0-1

[Event "October - 1800 or over"]
[Site "SchemingMind.com"]
[Date "2016.11.07"]
[Round "-"]
[White "Robert Bruce"]
[Black "Brennan Price"]
[Result "1-0"]
[WhiteCountry "SCO"]
[BlackCountry "USA"]
[WhiteElo "2355"]
[WhiteRD "65"]
[BlackElo "2175"]
[BlackRD "117"]
[GameID "405903"]

1. f4 e5 2. fxe5 d6 3. exd6 Bxd6 4. Nf3 Nf6 5. d4 Ng4 6. g3 Nc6 7. c3 Qe7 8. Bg2 O-O 9. O-O Ne3 10. Bxe3 Qxe3+
11. Rf2 Rd8 12. Qd2 Qe7 13. Qd3 Bg4 14. Nbd2 f6 15. Nh4 Qf7 16. Be4 Qh5 17. Nf5 Rab8 18. Nc4 Kh8 19. a4 Bf8 20. Nce3 Ne5
21. Qc2 Ng6 22. Nxg4 Qxg4 23. Rd1 Re8 24. Bd3 a6 25. Rdf1 c5 26. Qb3 b5 27. axb5
1-0

[Event "October - 1800 or over"]
[Site "SchemingMind.com"]
[Date "2016.11.03"]
[Round "-"]
[White "Brennan Price"]
[Black "William Lindberg"]
[Result "0-1"]
[WhiteCountry "USA"]
[BlackCountry "USA"]
[WhiteElo "2088"]
[WhiteRD "105"]
[BlackElo "2385"]
[BlackRD "72"]
[GameID "405904"]

1. e4 e5 2. Nf3 Nc6 3. Bb5 a6 4. Ba4 Nf6 5. O-O Be7 6. Re1 b5 7. Bb3 O-O 8. c3 d6 9. h3 Na5 10. Bc2 c5
11. d4 Nd7 12. d5 Nb6 13. Nbd2 Bd7 14. Nf1 Qc7 15. Ng3 Nb7 16. b3 c4 17. bxc4 Nxc4 18. Nf5 Bxf5 19. exf5 Nb6 20. Bg5 Bxg5
21. Nxg5 h6 22. Ne4 Nc5 23. f6 g6 24. Qg4 Nxe4 25. Bxe4 Nd7 26. Qh4 Kh7 27. Re3 Qd8 28. Rf3 Rc8 29. a4 Rc4 30. axb5 axb5
31. Ra7 Ra4 32. Rxa4 bxa4 33. Bc2 Nc5 34. Rf5 Rg8 35. Rh5 Qf8 36. Qb4 e4 37. Bxe4 Qe8 38. Rh4 Qe5 39. Bf3 Qxf6 40. Rf4 Qe7
41. Kh2 Re8 42. Rd4 Ra8
0-1

[Event "October - 1800 or over"]
[Site "SchemingMind.com"]
[Date "2016.11.03"]
[Round "-"]
[White "William Lindberg"]
[Black "Brennan Price"]
[Result "1-0"]
[WhiteCountry "USA"]
[BlackCountry "USA"]
[WhiteElo "2424"]
[WhiteRD "70"]
[BlackElo "2175"]
[BlackRD "117"]
[GameID "405905"]

1. c4 e5 2. Nc3 Nf6 3. Nf3 Nc6 4. e3 Bb4 5. d4 exd4 6. exd4 O-O 7. Be2 d5 8. O-O Bf5 9. Bg5 Bxc3 10. bxc3 dxc4
11. Bxc4 h6 12. Bh4 Qd6 13. Re1 Ne4 14. Qb3 g5 15. Bd3 Rae8 16. Bxe4 Bxe4 17. Bg3 Qd5 18. Nd2 Bxg2 19. Qxd5 Bxd5 20. Rxe8 Rxe8
21. c4 Bxc4 22. Nxc4 Nxd4 23. Kf1 b6 24. Re1 Rxe1+ 25. Kxe1 c5 26. Be5 Nc6 27. Bc3 Kf8 28. Bf6 Nb4 29. a4 Nd5 30. Be5 Nb4
31. Bd6+ Ke8 32. a5 b5 33. Ne5 Na6 34. Kd2 f6 35. Nd3 Kd7 36. Bxc5
1-0

[Event "October - 1800 or over"]
[Site "SchemingMind.com"]
[Date "2016.11.10"]
[Round "-"]
[White "Derek.Colwyn"]
[Black "Brennan Price"]
[Result "1-0"]
[WhiteCountry "USA"]
[BlackCountry "USA"]
[WhiteElo "2362"]
[WhiteRD "103"]
[BlackElo "2088"]
[BlackRD "105"]
[GameID "406054"]

1. d4 Nf6 2. c4 e6 3. Nf3 b6 4. g3 Bb7 5. Bg2 c5 6. d5 exd5 7. Nh4 g6 8. Nc3 Bg7 9. O-O O-O 10. Bg5 Nc6
11. Nxd5 Re8 12. Qd2 Rb8 13. Rad1 Nd4 14. e3 Ne6 15. Nxf6+ Bxf6 16. Bxf6 Qxf6 17. b3 Bc6 18. f4 Ng7 19. Nf3 Rbd8 20. Rfe1 d6
21. Ng5 Bxg2 22. Kxg2 Qe7 23. g4 h6 24. Nf3 f5 25. h3 Kh7 26. Kh2 Qf6 27. g5 hxg5 28. Nxg5+ Kh8 29. Rg1 Ne6 30. Nf3 Kg7
31. Rg3 Rg8 32. Qd5 Kh8 33. Rdg1 Rg7 34. h4 Nc7 35. Qd2 Ne6 36. Qg2 Rdg8 37. Rh3 Qf7 38. Qb2 Re8 39. h5 gxh5 40. Ng5 Nxg5
41. Rxg5 h4 42. Rxh4+ Kg8 43. Rh6
1-0

[Event "October - 1800 or over"]
[Site "SchemingMind.com"]
[Date "2016.11.09"]
[Round "-"]
[White "Brennan Price"]
[Black "Derek.Colwyn"]
[Result "1/2-1/2"]
[WhiteCountry "USA"]
[BlackCountry "USA"]
[WhiteElo "2088"]
[WhiteRD "105"]
[BlackElo "2362"]
[BlackRD "103"]
[GameID "406055"]

1. e4 e6 2. d4 c5 3. d5 Nf6 4. Nc3 d6 5. Nf3 Be7 6. Bb5+ Bd7 7. Bxd7+ Qxd7 8. O-O exd5 9. exd5 O-O 10. Re1 Re8
11. a3 Na6 12. Qd3 Nc7 13. h3 a5 14. Rb1 b5 15. b4 c4 16. Qd4 axb4 17. Rxb4 Bd8 18. Rxe8+ Nfxe8 19. Qg4 f5 20. Qf4 h6
21. Qe3 Bf6 22. Nd4 f4 23. Qe4 Bxd4 24. Qxd4 f3 25. g4 Nf6 26. Bxh6 Rxa3 27. Bd2 Ra1+ 28. Kh2 Qe8 29. Be3 Re1 30. Rb2 Qe7
31. g5 Qd7 32. Qh4 Nfxd5 33. Rxb5 Nxc3 34. Rb8+ Ne8 35. g6 Rxe3 36. Qh7+ Kf8 37. Qh8+ Ke7 38. Qg8 Kf6 39. fxe3 f2 40. Rxe8 f1=N+
41. Kg1 Ng3 42. Kh2 Nce2 43. Rd8 Qe7 44. Re8 Qd7 45. Rd8=
1/2-1/2

[Event "October - 1800 or over"]
[Site "SchemingMind.com"]
[Date "2016.11.10"]
[Round "-"]
[White "Derek.Colwyn"]
[Black "Adrian Grajczak"]
[Result "1-0"]
[WhiteCountry "USA"]
[BlackCountry "POL"]
[WhiteElo "2200"]
[WhiteRD "125"]
[BlackElo "1925"]
[BlackRD "94"]
[GameID "406056"]

1. d4 d5 2. c4 c6 3. Nf3 dxc4 4. e3 Nf6 5. Bxc4 g6 6. O-O Bg7 7. Qc2 Bf5 8. Qb3 O-O 9. Qxb7 Nbd7 10. Qxc6 Be4
11. Qa6 Bxf3 12. gxf3 e5 13. dxe5 Nxe5 14. Be2 Qd5 15. Kg2 g5 16. Nc3 Qd7 17. e4 g4 18. fxg4 Nexg4 19. f3 Ne5 20. Rd1 Qe7
21. Bg5 h6 22. Nd5
1-0

[Event "October - 1800 or over"]
[Site "SchemingMind.com"]
[Date "2016.11.09"]
[Round "-"]
[White "Adrian Grajczak"]
[Black "Derek.Colwyn"]
[Result "0-1"]
[WhiteCountry "POL"]
[BlackCountry "USA"]
[WhiteElo "1932"]
[WhiteRD "98"]
[BlackElo "2068"]
[BlackRD "144"]
[GameID "406057"]

1. e4 e6 2. d3 c5 3. Nd2 Nc6 4. Ngf3 d6 5. g3 Nge7 6. Bg2 g6 7. O-O Bg7 8. c3 O-O 9. Nh4 b5 10. f4 b4
11. cxb4 Nxb4 12. Nc4 Ba6 13. a3 Nxd3 14. Qxd3 d5 15. exd5 exd5 16. Qc2 Bxc4 17. Re1 Rb8 18. f5 Nc6 19. Qa4 Nd4 20. Bf4 Rxb2
21. Be5 Bxe5 22. Rxe5 Qf6 23. Re8 Nxf5
0-1

[Event "October - 1800 or over"]
[Site "SchemingMind.com"]
[Date "2016.11.10"]
[Round "-"]
[White "Derek.Colwyn"]
[Black "frankly"]
[Result "1-0"]
[WhiteCountry "USA"]
[BlackCountry "ENG"]
[WhiteElo "2362"]
[WhiteRD "103"]
[BlackElo "2517"]
[BlackRD "60"]
[GameID "406058"]

1. d4 Nf6 2. c4 e6 3. Nf3 b6 4. g3 Ba6 5. b3 Bb4+ 6. Bd2 Be7 7. Bg2 c6 8. Bc3 d5 9. Nbd2 Nbd7 10. O-O O-O
11. Re1 Bb7 12. e4 dxc4 13. bxc4 Ne8 14. Qc2 Qc7 15. Rad1 a5 16. e5 b5 17. c5 b4 18. Bb2 Qb8 19. Ne4 Nc7 20. Neg5 g6
21. Ne4 Nd5 22. Nd6 Ba6 23. Qd2 Ra7 24. Qh6 b3 25. a3 a4 26. h4 Rc8 27. Ng5 Bxg5 28. hxg5 Rcc7 29. Qh3 Ra8 30. Nxf7 Kxf7
31. Qxh7+ Kf8 32. Be4 N7b6 33. Qh6+ Rg7 34. Bxg6 Nd7 35. Re4 Qd8 36. Kg2 Rb8 37. Rh4 Qe7 38. Re1 Bd3 39. Bxd3 Ke8 40. g6
1-0

[Event "October - 1800 or over"]
[Site "SchemingMind.com"]
[Date "2016.11.09"]
[Round "-"]
[White "frankly"]
[Black "Derek.Colwyn"]
[Result "1/2-1/2"]
[WhiteCountry "ENG"]
[BlackCountry "USA"]
[WhiteElo "2504"]
[WhiteRD "58"]
[BlackElo "2200"]
[BlackRD "125"]
[GameID "406059"]

1. e4 e6 2. d4 d5 3. Nc3 Bb4 4. e5 c5 5. a3 Ba5 6. b4 cxd4 7. Nb5 Bc7 8. f4 Bd7 9. Nxc7+ Qxc7 10. Nf3 Ne7
11. Bd3 a6 12. Bb2 O-O 13. O-O Nf5 14. Bxd4 Bb5 15. Bc5 Re8 16. g4 Bxd3 17. Qxd3 b6 18. gxf5 bxc5 19. fxe6 fxe6 20. Ng5 g6
21. h4 Nd7 22. h5 Nf8 23. hxg6 hxg6 24. Rf2 cxb4 25. axb4 Rec8 26. Rxa6 Rxa6 27. Qxa6 Qd7 28. Qd6 Qxd6 29. exd6 Rd8 30. c3 Rxd6
31. Ra2 Rb6 32. Kf2 d4 33. cxd4 Rxb4 34. Ke3 Rb3+ 35. Ke4 Rb1 36. Ra8 Re1+ 37. Kd3 Kg7 38. Ra7+ Kg8 39. Kd2 Rf1 40. Ke3 Re1+
41. Kf2 Rd1 42. Rf7 Rd3 43. Ke2 Rg3 44. Re7 Rb3 45. Nxe6 Nxe6 46. Rxe6 Kf7 47. Re3 Rb4 48. Kd3 Kf6 49. Ke4 Rb1 50. d5 Rb4+
51. Kf3 Rd4 52. Re6+ Kf5 53. Re5+=
1/2-1/2

[Event "October - 1800 or over"]
[Site "SchemingMind.com"]
[Date "2016.11.10"]
[Round "-"]
[White "Derek.Colwyn"]
[Black "Robert Bruce"]
[Result "0-1"]
[WhiteCountry "USA"]
[BlackCountry "SCO"]
[WhiteElo "2068"]
[WhiteRD "144"]
[BlackElo "2334"]
[BlackRD "65"]
[GameID "406060"]

1. d4 Nf6 2. c4 c5 3. d5 b5 4. cxb5 a6 5. bxa6 g6 6. Nc3 Bxa6 7. g3 d6 8. Bg2 Bg7 9. Nf3 Nfd7 10. Rb1 Ra7
11. b3 Bxc3+ 12. Nd2 O-O 13. O-O Bb7 14. a4 Nb6 15. e4 Na6 16. Nf3 Bg7 17. Bb2 Nb4 18. Qd2 Nd7 19. Bxg7 Kxg7 20. Qc3+ Nf6
21. Rfe1 Kg8 22. Nd2 e6 23. dxe6 fxe6 24. Nc4 d5 25. exd5 exd5 26. Ne5 Qd6 27. Rbc1 Rc8
0-1